Podiums comparés (3) JO Tokyo / JO Paris par discipline - Statistiques

Statistiques générales
  • Ce quiz a été pris 11 fois
  • Le résultat moyen est 248 sur 288
Statistiques - réponses
Discipline Réponse % Correct
Paris Voile - Nacra 17 Argent Argentine M
100%
Tokyo Rugby à VII Bronze Argentine H
100%
Tokyo Volley-ball Bronze Argentine H
100%
Paris Skateboard - Park Bronze Brésil H
100%
Paris Surf - Shortboard Bronze Brésil H
100%
Tokyo Skateboard - Park Argent Brésil H
100%
Tokyo Skateboard - Street Argent Brésil H
100%
Tokyo Surf - Shortboard Or Brésil H
100%
Paris Taekwondo - Moins 68 kg Bronze Brésil | Chine H
100%
Paris Judo - Par équipes Bronze Brésil | Corée-du-Sud M
100%
Paris Badminton - Double Or Chine M
100%
Paris Natation - 4 x 100 m 4 nages Argent Chine M
100%
Paris Plongeon - Haut-vol à 10 m Or Chine H
100%
Paris Plongeon - Haut-vol à 10 m synchronisé Or Chine H
100%
Paris Plongeon - Tremplin à 3 m Or Chine H
100%
Paris Plongeon - Tremplin à 3 m Argent Chine H
100%
Paris Plongeon - Tremplin à 3 m synchronisé Or Chine H
100%
Paris Tennis - Double Argent Chine M
100%
Paris Tennis de table - Double Or Chine M
100%
Paris Tennis de table - Par équipes Or Chine H
100%
Paris Tennis de table - Simple Or Chine H
100%
Paris Tir - Carabine - 3 positions à 50 m Or Chine H
100%
Paris Tir - Carabine - Air comprimé à 10 m Or Chine H
100%
Paris Tir - Carabine - Air comprimé à 10 m Or Chine M
100%
Paris Tir - Fusil de chasse - Fosse olympique Argent Chine H
100%
Paris Tir - Pistolet - Air comprimé à 10 m Or Chine H
100%
Paris Tir - Pistolet - Tir rapide à 25 m Or Chine H
100%
Paris Tir - Pistolet - Tir rapide à 25 m Bronze Chine H
100%
Tokyo Badminton - Double Or Chine M
100%
Tokyo Badminton - Double Argent Chine M
100%
Tokyo Natation - 4 x 100 m 4 nages Argent Chine M
100%
Tokyo Plongeon - Haut-vol à 10 m Or Chine H
100%
Tokyo Plongeon - Haut-vol à 10 m Argent Chine H
100%
Tokyo Plongeon - Haut-vol à 10 m synchronisé Argent Chine H
100%
Tokyo Plongeon - Tremplin à 3 m Or Chine H
100%
Tokyo Plongeon - Tremplin à 3 m Argent Chine H
100%
Tokyo Plongeon - Tremplin à 3 m synchronisé Or Chine H
100%
Tokyo Tennis de table - Double Argent Chine M
100%
Tokyo Tennis de table - Par équipes Or Chine H
100%
Tokyo Tennis de table - Simple Or Chine H
100%
Tokyo Tennis de table - Simple Argent Chine H
100%
Tokyo Tir - Carabine - 3 positions à 50 m Or Chine H
100%
Tokyo Tir - Carabine - Air comprimé à 10 m Argent Chine H
100%
Tokyo Tir - Carabine - Air comprimé à 10 m Bronze Chine H
100%
Tokyo Tir - Carabine - Air comprimé à 10 m Or Chine M
100%
Tokyo Tir - Pistolet - Air comprimé à 10 m Bronze Chine H
100%
Tokyo Tir - Pistolet - Air comprimé à 10 m Or Chine M
100%
Tokyo Tir - Pistolet - Tir rapide à 25 m Bronze Chine H
100%
Tokyo Trampoline Argent Chine H
100%
Tokyo Voile - RS:X Bronze Chine H
100%
Tokyo Taekwondo - Moins 68 kg Bronze Chine | Turquie H
100%
Paris Equitation - Dressage - Par équipes Argent Danemark M
100%
Tokyo Tir - Fusil de chasse - Skeet Argent Danemark H
100%
Paris Taekwondo - Moins 80 kg Bronze Danemark | Italie H
100%
Paris Tennis - Simple Argent Espagne H
100%
Paris Voile - 49er Or Espagne H
100%
Tokyo Tennis - Simple Bronze Espagne H
100%
Paris Athlétisme - 4 x 400 m Argent Etats-Unis M
100%
Paris Equitation - Saut d'obstacle - Par équipes Argent Etats-Unis M
100%
Paris Natation - 4 x 100 m 4 nages Or Etats-Unis M
100%
Paris Skateboard - Park Argent Etats-Unis H
100%
Paris Skateboard - Street Argent Etats-Unis H
100%
Paris Skateboard - Street Bronze Etats-Unis H
100%
Paris Tennis - Double Argent Etats-Unis H
100%
Paris Tennis - Double Bronze Etats-Unis H
100%
Paris Tir - Fusil de chasse - Skeet Or Etats-Unis H
100%
Paris Tir - Fusil de chasse - Skeet Argent Etats-Unis H
100%
Paris Tir à l'arc - Individuel Argent Etats-Unis H
100%
Paris Tir à l'arc - Par équipes Bronze Etats-Unis M
100%
Paris Triathlon - Relais mixte Argent Etats-Unis M
100%
Paris Voile - 49er Bronze Etats-Unis H
100%
Paris Volley-ball Bronze Etats-Unis H
100%
Paris Water-polo Bronze Etats-Unis H
100%
Tokyo Athlétisme - 4 x 400 m Bronze Etats-Unis M
100%
Tokyo Equitation - Dressage - Par équipes Argent Etats-Unis M
100%
Tokyo Equitation - Saut d'obstacle - Par équipes Argent Etats-Unis M
100%
Tokyo Plongeon - Tremplin à 3 m synchronisé Argent Etats-Unis H
100%
Tokyo Skateboard - Park Bronze Etats-Unis H
100%
Tokyo Skateboard - Street Bronze Etats-Unis H
100%
Tokyo Tir - Carabine - Air comprimé à 10 m Or Etats-Unis H
100%
Tokyo Tir - Carabine - Air comprimé à 10 m Argent Etats-Unis M
100%
Tokyo Tir - Fusil de chasse - Skeet Or Etats-Unis H
100%
Tokyo Triathlon - Relais mixte Argent Etats-Unis M
100%
Paris Equitation - Concours complet - Par équipes Argent France M
100%
Paris Equitation - Saut d'obstacle - Par équipes Bronze France M
100%
Paris Judo - Par équipes Or France M
100%
Paris Rugby à VII Or France H
100%
Paris Surf - Shortboard Or France H
100%
Paris Tennis de table - Par équipes Bronze France H
100%
Paris Tennis de table - Simple Bronze France H
100%
Paris Tir à l'arc - Par équipes Argent France H
100%
Paris Triathlon Bronze France H
100%
Paris Volley-ball Or France H
100%
Tokyo Equitation - Concours complet - Par équipes Bronze France M
100%
Tokyo Judo - Par équipes Or France M
100%
Tokyo Tir - Pistolet - Tir rapide à 25 m Or France H
100%
Tokyo Triathlon - Relais mixte Bronze France M
100%
Tokyo Voile - RS:X Argent France H
100%
Tokyo Volley-ball Or France H
100%
Paris Taekwondo - Moins 58 kg Bronze France | Tunisie H
100%
Paris Badminton - Double Bronze Japon M
100%
Paris Equitation - Concours complet - Par équipes Bronze Japon M
100%
Paris Judo - Par équipes Argent Japon M
100%
Paris Plongeon - Haut-vol à 10 m Argent Japon H
100%
Paris Skateboard - Street Or Japon H
100%
Tokyo Badminton - Double Bronze Japon M
100%
Tokyo Judo - Par équipes Argent Japon M
100%
Tokyo Skateboard - Street Or Japon H
100%
Tokyo Surf - Shortboard Argent Japon H
100%
Tokyo Tennis de table - Double Or Japon M
100%
Tokyo Tennis de table - Par équipes Bronze Japon H
100%
Tokyo Tir à l'arc - Individuel Bronze Japon H
100%
Tokyo Tir à l'arc - Par équipes Bronze Japon H
100%
Paris Tennis de table - Par équipes Argent Suède H
100%
Paris Tennis de table - Simple Argent Suède H
100%
Paris Tir - Carabine - Air comprimé à 10 m Argent Suède H
100%
Tokyo Equitation - Saut d'obstacle - Individuel Argent Suède M
100%
Tokyo Equitation - Saut d'obstacle - Par équipes Or Suède M
100%
Paris Rugby à VII Bronze Afrique-du-Sud H
88%
Paris Equitation - Concours complet - Individuel Or Allemagne M
88%
Paris Equitation - Dressage - Individuel Or Allemagne M
88%
Paris Equitation - Dressage - Individuel Argent Allemagne M
88%
Paris Equitation - Dressage - Par équipes Or Allemagne M
88%
Paris Equitation - Saut d'obstacle - Individuel Or Allemagne M
88%
Paris Tir à l'arc - Par équipes Argent Allemagne M
88%
Paris Triathlon - Relais mixte Or Allemagne M
88%
Tokyo Equitation - Concours complet - Individuel Or Allemagne M
88%
Tokyo Equitation - Dressage - Individuel Or Allemagne M
88%
Tokyo Equitation - Dressage - Individuel Argent Allemagne M
88%
Tokyo Equitation - Dressage - Par équipes Or Allemagne M
88%
Tokyo Judo - Par équipes Bronze Allemagne M
88%
Tokyo Plongeon - Tremplin à 3 m synchronisé Bronze Allemagne H
88%
Tokyo Tennis - Simple Or Allemagne H
88%
Tokyo Tennis de table - Par équipes Argent Allemagne H
88%
Tokyo Tennis de table - Simple Bronze Allemagne H
88%
Tokyo Voile - 49er Bronze Allemagne H
88%
Tokyo Voile - Nacra 17 Bronze Allemagne M
88%
Paris Equitation - Concours complet - Individuel Argent Australie M
88%
Paris Natation - 4 x 100 m 4 nages Bronze Australie M
88%
Paris Skateboard - Park Or Australie H
88%
Paris Surf - Shortboard Argent Australie H
88%
Paris Tennis - Double Or Australie H
88%
Paris Voile - Dériveur - ILCA 7 Or Australie H
88%
Paris Voile - IQFoil Argent Australie H
88%
Tokyo Equitation - Concours complet - Individuel Bronze Australie M
88%
Tokyo Equitation - Concours complet - Par équipes Argent Australie M
88%
Tokyo Natation - 4 x 100 m 4 nages Bronze Australie M
88%
Tokyo Skateboard - Park Or Australie H
88%
Tokyo Surf - Shortboard Bronze Australie H
88%
Tokyo Tennis - Double Bronze Australie M
88%
Tokyo Voile - Laser (ILCA7) Or Australie H
88%
Paris Plongeon - Haut-vol à 10 m synchronisé Bronze Canada H
88%
Paris Tennis - Double Bronze Canada M
88%
Paris Trampoline Bronze Canada H
88%
Paris Badminton - Double Argent Corée-du-Sud M
88%
Paris Taekwondo - Moins 58 kg Or Corée-du-Sud H
88%
Paris Tennis de table - Double Bronze Corée-du-Sud M
88%
Paris Tir - Carabine - Air comprimé à 10 m Argent Corée-du-Sud M
88%
Paris Tir - Pistolet - Tir rapide à 25 m Argent Corée-du-Sud H
88%
Paris Tir à l'arc - Individuel Or Corée-du-Sud H
88%
Paris Tir à l'arc - Individuel Bronze Corée-du-Sud H
88%
Paris Tir à l'arc - Par équipes Or Corée-du-Sud H
88%
Paris Tir à l'arc - Par équipes Or Corée-du-Sud M
88%
Tokyo Tir à l'arc - Par équipes Or Corée-du-Sud H
88%
Tokyo Tir à l'arc - Par équipes Or Corée-du-Sud M
88%
Tokyo Taekwondo - Plus de 80 kg Bronze Corée-du-Sud | Cuba H
88%
Tokyo Taekwondo - Moins 58 kg Bronze Corée-du-Sud | Russie H
88%
Paris Tennis - Simple Bronze Italie H
88%
Paris Tir - Pistolet - Air comprimé à 10 m Argent Italie H
88%
Paris Tir - Pistolet - Air comprimé à 10 m Bronze Italie H
88%
Paris Voile - Nacra 17 Or Italie M
88%
Tokyo Taekwondo - Moins 58 kg Or Italie H
88%
Tokyo Tir à l'arc - Individuel Argent Italie H
88%
Tokyo Voile - Nacra 17 Or Italie M
88%
Paris Plongeon - Tremplin à 3 m Bronze Mexique H
88%
Paris Plongeon - Tremplin à 3 m synchronisé Argent Mexique H
88%
Tokyo Tir à l'arc - Par équipes Bronze Mexique M
88%
Tokyo Triathlon Or Norvège H
88%
Tokyo Voile - Laser (ILCA7) Bronze Norvège H
88%
Paris Triathlon Argent Nouvelle-Zélande H
88%
Paris Voile - 49er Argent Nouvelle-Zélande H
88%
Paris Voile - Nacra 17 Bronze Nouvelle-Zélande M
88%
Tokyo Rugby à VII Argent Nouvelle-Zélande H
88%
Tokyo Tennis - Double Bronze Nouvelle-Zélande H
88%
Tokyo Trampoline Bronze Nouvelle-Zélande H
88%
Tokyo Triathlon Bronze Nouvelle-Zélande H
88%
Tokyo Voile - 49er Argent Nouvelle-Zélande H
88%
Paris Athlétisme - 4 x 400 m Or Pays-Bas M
88%
Paris Equitation - Saut d'obstacle - Individuel Bronze Pays-Bas M
88%
Paris Voile - IQFoil Bronze Pays-Bas H
88%
Tokyo Equitation - Saut d'obstacle - Individuel Bronze Pays-Bas M
88%
Tokyo Tir à l'arc - Par équipes Argent Pays-Bas M
88%
Tokyo Voile - RS:X Or Pays-Bas H
88%
Paris Athlétisme - 4 x 400 m Bronze Royaume-Uni M
88%
Paris Equitation - Concours complet - Individuel Bronze Royaume-Uni M
88%
Paris Equitation - Concours complet - Par équipes Or Royaume-Uni M
88%
Paris Equitation - Dressage - Individuel Bronze Royaume-Uni M
88%
Paris Equitation - Dressage - Par équipes Bronze Royaume-Uni M
88%
Paris Equitation - Saut d'obstacle - Par équipes Or Royaume-Uni M
88%
Paris Plongeon - Haut-vol à 10 m Bronze Royaume-Uni H
88%
Paris Plongeon - Haut-vol à 10 m synchronisé Argent Royaume-Uni H
88%
Paris Plongeon - Tremplin à 3 m synchronisé Bronze Royaume-Uni H
88%
Paris Taekwondo - Plus de 80 kg Argent Royaume-Uni H
88%
Paris Tir - Fusil de chasse - Fosse olympique Or Royaume-Uni H
88%
Paris Trampoline Or Royaume-Uni H
88%
Paris Triathlon Or Royaume-Uni H
88%
Paris Triathlon - Relais mixte Bronze Royaume-Uni M
88%
Tokyo Equitation - Concours complet - Individuel Argent Royaume-Uni M
88%
Tokyo Equitation - Concours complet - Par équipes Or Royaume-Uni M
88%
Tokyo Equitation - Dressage - Individuel Bronze Royaume-Uni M
88%
Tokyo Equitation - Dressage - Par équipes Bronze Royaume-Uni M
88%
Tokyo Equitation - Saut d'obstacle - Individuel Or Royaume-Uni M
88%
Tokyo Natation - 4 x 100 m 4 nages Or Royaume-Uni M
88%
Tokyo Plongeon - Haut-vol à 10 m Bronze Royaume-Uni H
88%
Tokyo Plongeon - Haut-vol à 10 m synchronisé Or Royaume-Uni H
88%
Tokyo Plongeon - Tremplin à 3 m Bronze Royaume-Uni H
88%
Tokyo Taekwondo - Moins 68 kg Argent Royaume-Uni H
88%
Tokyo Tir - Fusil de chasse - Fosse olympique Bronze Royaume-Uni H
88%
Tokyo Triathlon Argent Royaume-Uni H
88%
Tokyo Triathlon - Relais mixte Or Royaume-Uni M
88%
Tokyo Voile - 49er Or Royaume-Uni H
88%
Tokyo Voile - Nacra 17 Argent Royaume-Uni M
88%
Tokyo Plongeon - Haut-vol à 10 m synchronisé Bronze Russie H
88%
Tokyo Taekwondo - Moins 80 kg Or Russie H
88%
Tokyo Taekwondo - Plus de 80 kg Or Russie H
88%
Tokyo Tennis - Double Or Russie M
88%
Tokyo Tennis - Double Argent Russie M
88%
Tokyo Tennis - Simple Argent Russie H
88%
Tokyo Tir - Carabine - 3 positions à 50 m Argent Russie H
88%
Tokyo Tir - Carabine - Air comprimé à 10 m Bronze Russie M
88%
Tokyo Tir - Pistolet - Air comprimé à 10 m Argent Russie M
88%
Tokyo Volley-ball Argent Russie H
88%
Paris Tennis - Simple Or Serbie H
88%
Paris Tir - Pistolet - Air comprimé à 10 m Or Serbie M
88%
Paris Water-polo Or Serbie H
88%
Tokyo Tir - Carabine - 3 positions à 50 m Bronze Serbie H
88%
Tokyo Tir - Pistolet - Air comprimé à 10 m Argent Serbie H
88%
Tokyo Water-polo Or Serbie H
88%
Tokyo Equitation - Saut d'obstacle - Par équipes Bronze Belgique M
75%
Paris Tennis de table - Double Argent Corée-du-Nord M
75%
Paris Tir - Carabine - Air comprimé à 10 m Bronze Croatie H
75%
Paris Water-polo Argent Croatie H
75%
Tokyo Tennis - Double Or Croatie H
75%
Tokyo Tennis - Double Argent Croatie H
75%
Tokyo Voile - Laser (ILCA7) Argent Croatie H
75%
Tokyo Taekwondo - Moins 80 kg Bronze Egypte | Croatie H
75%
Paris Rugby à VII Argent Fidji H
75%
Tokyo Rugby à VII Or Fidji H
75%
Paris Equitation - Saut d'obstacle - Individuel Argent Suisse M
75%
Paris Tir - Pistolet - Air comprimé à 10 m Argent Turquie M
75%
Paris Tir à l'arc - Par équipes Bronze Turquie H
75%
Tokyo Tir à l'arc - Individuel Or Turquie H
75%
Tokyo Water-polo Argent Grèce H
63%
Tokyo Water-polo Bronze Hongrie H
63%
Paris Tir - Carabine - 3 positions à 50 m Bronze Inde H
63%
Paris Tir - Pistolet - Air comprimé à 10 m Bronze Inde M
63%
Paris Tir - Carabine - Air comprimé à 10 m Bronze Kazakhstan M
63%
Paris Volley-ball Argent Pologne H
63%
Tokyo Athlétisme - 4 x 400 m Or Pologne M
63%
Paris Tennis - Double Or Tchéquie M
63%
Tokyo Tir - Fusil de chasse - Fosse olympique Or Tchéquie H
63%
Tokyo Tir - Fusil de chasse - Fosse olympique Argent Tchéquie H
63%
Paris Tir - Carabine - 3 positions à 50 m Argent Ukraine H
63%
Tokyo Tir - Pistolet - Air comprimé à 10 m Bronze Ukraine M
63%
Paris Taekwondo - Moins 58 kg Argent Azerbaïdjan H
50%
Paris Trampoline Argent Neutres H
50%
Paris Taekwondo - Moins 68 kg Or Ouzbékistan H
50%
Tokyo Taekwondo - Moins 68 kg Or Ouzbékistan H
50%
Paris Voile - Dériveur - ILCA 7 Bronze Pérou H
50%
Paris Tir - Fusil de chasse - Skeet Bronze Taïwan H
50%
Tokyo Tennis de table - Double Bronze Taïwan M
50%
Tokyo Tir à l'arc - Par équipes Argent Taïwan H
50%
Paris Taekwondo - Plus de 80 kg Bronze Cuba | Côte d'ivoire H
38%
Paris Taekwondo - Moins 80 kg Argent Iran H
38%
Paris Taekwondo - Plus de 80 kg Or Iran H
38%
Tokyo Tir - Pistolet - Air comprimé à 10 m Or Iran H
38%
Paris Voile - IQFoil Or Israël H
38%
Paris Taekwondo - Moins 80 kg Or Tunisie H
38%
Tokyo Taekwondo - Moins 58 kg Argent Tunisie H
38%
Tokyo Trampoline Or Biélorussie H
25%
Tokyo Tir - Pistolet - Tir rapide à 25 m Argent Cuba H
25%
Tokyo Tir - Fusil de chasse - Skeet Bronze Koweït H
13%
Tokyo Taekwondo - Plus de 80 kg Argent Macédoine H
13%
Paris Voile - Dériveur - ILCA 7 Argent Chypre H
0%
Paris Tir - Fusil de chasse - Fosse olympique Bronze Guatemala H
0%
Paris Taekwondo - Moins 68 kg Argent Jordanie H
0%
Tokyo Taekwondo - Moins 80 kg Argent Jordanie H
0%
Tokyo Athlétisme - 4 x 400 m Argent République dominicaine M
0%
Aucun quiz correspondant
Distribution des résultats
% des personnes avec chaque résultat
Percentile par nombre de réponses
Votre historique - résultats
Vous n’avez pas pris ce quiz